000 00603nam a2200181Ia 4500
008 151202s9999||||xx |||||||||||||| ||und||
082 _bPNVM-14413
100 _aधोंड मधुकर वासुदेव.
245 _aकाव्यांची भूषणे.
260 _b---
260 _c0
300 _a0
600 _aधोंड मधुकर वासुदेव.
630 _aकाव्यांची भूषणे.
700 _aधोंड मधुकर वासुदेव.
730 _aकाव्यांची भूषणे.
942 _cBOOK
999 _c1280399
_d1280396